000 00713nam a22002537a 4500
003 OSt
005 20190306103148.0
008 190306b xxu||||| |||| 00| 0 spa d
020 _a968-23-0059-2
040 _cBiblioteca Ernesto Sábato
092 _a302.23
_bD696-24
100 _aDorfman, Ariel
245 _aPara leer el pato Donald
250 _a24a ed.
260 _aMéxico
_bSiglo veintiuno
_c1972
300 _a160 p
440 _aSociología y política
650 _aCOMUNICACION DE MASAS
650 _aCOLONIALISMO-MEDIOS DE COMUNICACION
650 _aDEPENDENCIA-MEDIOS DE COMUNICACION
650 _aALINEACION-MEDIOS DE COMUNICACION
700 _aArmand Mattelart
942 _2ddc
_cBDGR
999 _c33603
_d33603